Теоретическая механика: учебник для академического бакалавриата

Λεπτομέρειες βιβλιογραφικής εγγραφής
Κύριος συγγραφέας: Лукашевич Н. К. Надежда Кимовна
Περίληψη:Учебник охватывает все основные разделы теоретической механики. Включает в себя материал по курсу теоретической механики (6 лекций ио кинематике, 8 лекций по статике и 8 лекций по динамике) и примеры решения задач по основным темам. Содержание учебника соответствует актуальным требованиям Федерального государственного образовательного стандарта высшего образования. Для студентов высших учебных заведений, обучающихся по естественнонаучным направлениям.
Γλώσσα:Ρωσικά
Έκδοση: Москва, Юрайт, 2016
Έκδοση:2-е изд., испр. и доп.
Σειρά:Бакалавр. Академический курс
Θέματα:
Μορφή: Βιβλίο
KOHA link:https://koha.lib.tpu.ru/cgi-bin/koha/opac-detail.pl?biblionumber=321666

MARC

LEADER 00000nam0a2200000 4500
001 321666
005 20231102003410.0
010 |a 9785991689212 
035 |a (RuTPU)RU\TPU\book\347222 
090 |a 321666 
100 |a 20160902d2016 m y0rusy50 ca 
101 0 |a rus 
102 |a RU 
105 |a a j 001zy 
200 1 |a Теоретическая механика  |e учебник для академического бакалавриата  |f Н. К. Лукашевич 
205 |a 2-е изд., испр. и доп. 
210 |a Москва  |c Юрайт  |d 2016 
215 |a 266 с.  |c ил. 
225 1 |a Бакалавр. Академический курс 
320 |a Библиогр.: с. 265 
330 |a Учебник охватывает все основные разделы теоретической механики. Включает в себя материал по курсу теоретической механики (6 лекций ио кинематике, 8 лекций по статике и 8 лекций по динамике) и примеры решения задач по основным темам. Содержание учебника соответствует актуальным требованиям Федерального государственного образовательного стандарта высшего образования. Для студентов высших учебных заведений, обучающихся по естественнонаучным направлениям. 
606 1 |a Механика теоретическая  |2 stltpush  |3 (RuTPU)RU\TPU\subj\59441  |9 76991 
610 1 |a физика 
610 1 |a кинематика 
610 1 |a твердые тела 
610 1 |a динамика 
610 1 |a задачи 
610 1 |a решения 
610 1 |a учебники 
675 |a 531(075.8)  |v 4 
700 1 |a Лукашевич  |b Н. К.  |g Надежда Кимовна 
801 1 |a RU  |b 63413507  |c 20160902 
801 2 |a RU  |b 63413507  |c 20161014  |g RCR 
900 |a Теоретическая механика 
942 |c BK 
951 |l 8.1 
959 |a 59/20160829  |d 3  |e 529,00  |f ЧЗТЛ:1  |f УФ:2